Πολυτελή υφάσματα στο Βυζάντιο : κοσμικά και εκκλησιαστικά

Αποθηκεύτηκε σε:
Λεπτομέρειες βιβλιογραφικής εγγραφής
Κύριος συγγραφέας: Θεοχάρη, Μαρία Σ.
Μορφή: Βιβλίο
Γλώσσα:Greek
Δημοσίευση: Αθήνα : Ιδρυμα Γουλανδρή-Χόρν, 1994
Σειρά:Οψεις της βυζαντινής κοινωνίας ; ; 16
Θέματα:
Ετικέτες: Προσθήκη ετικέτας
Δεν υπάρχουν, Καταχωρήστε ετικέτα πρώτοι!

MARC

LEADER 00000nam a2200000 i 4500
001 1/14018
008 980428s1994 gre d
020 |a 960-7079-22-1 
035 |l 10019259 
040 |a GR-MY-UA  |b gre  |e aacr 
041 0 |a gre 
082 0 |a 746.9209383 
100 1 |a Θεοχάρη, Μαρία Σ. 
245 1 0 |a Πολυτελή υφάσματα στο Βυζάντιο :  |b κοσμικά και εκκλησιαστικά /  |c Μαρία Σ. Θεοχάρη 
260 |a Αθήνα :   |b Ιδρυμα Γουλανδρή-Χόρν,   |c 1994 
300 |a 75 σ.  |b εικ. 
490 1 |a Οψεις της βυζαντινής κοινωνίας  |v ; 16 
650 0 0 |a Clothing and dress  |z Byzantine Empire. 
650 0 0 |a Textile fabrics, Byzantine Exhibitions. 
650 0 0 |a Weaving  |z Byzantine Empire. 
830 0 |a Οψεις της βυζαντινής κοινωνίας ;  |v ; 16 
852 |a INST  |b LESVOS  |e 19980428  |h 746.9209383 ΘΕΟ  |p 005100014250  |q 005100014250  |t BK  |y 0 
901 |a BIBL1-1998-2 
909 |a Λ  |b 055164 
922 |a 1ΕΛΗ  |b 199803  |c ΚΠΣ/ΤΚΑ  |d EMVASIS 
950 |a 117-1998-01-28 
970 |z 2000/06/ΟΙΚΟΝΟΜΟΠΟΥΛΟΥ ΧΡΙΣΤΙΝΑ